=LDR 00000nam 2200000 4500 =001 INLIS000000000012694 =005 20130612104205 =008 ***********************************Ind** =035 ##$$0010-061300000012694 =041 ##$$a Ind =082 ##$$a 616.120 754 7 =090 ##$$a 616.120 754 7, Mur e =100 ##$$a Murs, A.A.H =245 ##$$a Elektrolurdiografi Praktis =260 ##$$a 1990 $b Jakarta =300 ##$$a viii, 272 hlm., Ilus, 24 cm =650 ##$$a Elektrokardiografi =700 ##$$a Jajaddisaputra, Harjono =850 ##$$a NBPNMAT